| 000 | 00478nam a2200193Ia 4500 | ||
|---|---|---|---|
| 005 | 20140402151418.0 | ||
| 008 | 140130s9999 xx 000 0 und d | ||
| 020 | _a9780545202374 | ||
| 050 |
_aPZ 7 _b.D759273Ju 2009 |
||
| 100 |
_aDowning, Erwin _931338 |
||
| 245 |
_cErwin Downing. _aJuicy Gossip / |
||
| 260 |
_bScholastic, _c2009. _a22 cm. |
||
| 300 |
_a157 p. : _c20 cm. |
||
| 440 |
_v1 _931174 |
||
| 521 | _aG5 | ||
| 526 | _c790 | ||
| 942 |
_cBK _2lcc |
||
| 999 |
_c41137 _d41137 |
||